000 00954nam a2200241Ia 4500
999 _c50883
_d50883
001 17838
003 GE_BSU
005 20200226121634.0
008 181216s2002ru xx |||||||||||||| ||rus||
020 _a9785846500198
040 _cGE_BSU
080 _a81(075.8) Ф-33
100 _aФедоров, А. В.
_97486
245 _aОсновы общей теории перевода :
_b(Лингвистические проблемы) /
_cА.В. Федоров ; Ред. Б.А. Никонов ; О.С. Капполь.
250 _a5-е изд.
264 _aМосква :
_bФилология три,
_c2002.
300 _a415 стр. :
_c21 см.
653 _aОсновы общей теории перевода
653 _aთარგმნის თეორია
700 _aНиконов, Б.А.
_eრედაქტორი
_97487
700 _aКапполь, О.С
_eრედაქტორი
_97034
942 _cBK
_2udc